ものまね王座決定戦 歴代王者 - Statistics

General Stats
  • This quiz has been taken 4 times
  • The average score is 18 of 73
Answer Stats
時系列順放送タイトル 肩書 Answer % Correct
第2回爆笑!スターものまね王座決定戦 ものまねタレント コロッケ
100%
第9回爆笑!スターものまね王座決定戦スペシャル ものまねタレント コロッケ
100%
12年ぶりに今夜復活!ものまね王座決定戦芸能界日本一は誰だ?大激突トーナメントスペシャル ものまねタレント ミラクルひかる
100%
日本一は誰だ!?ものまね王座決定戦最強トーナメント超下克上スペシャル!! ものまねタレント ビューティーこくぶ
67%
日本一のものまね王者が今夜決定!ものまね王者決定戦年に一度の鉄板ネタガチンコバトルスペシャル ものまねタレント ビューティーこくぶ
67%
日本一のものまね王者が今夜決定!ものまね王座決定戦年に一度の鉄板ネタガチンコバトルスペシャル 歌手、ものまねタレント 松浦航大
67%
日本一のものまね王者が今夜決定!ものまね王座決定戦年に一度の鉄板ネタガチンコバトルスペシャル シンガーソングライター、ものまねシンガー 荒牧陽子
67%
日本一のものまね王者が今夜決定!ものまね王座決定戦年に一度の鉄板ネタガチンコバトルスペシャル ものまねタレント ビューティーこくぶ
67%
第1回オールスターものまね王座決定戦 歌手、女優 森昌子
33%
第4回オールスターものまね王座決定戦 歌手 細川たかし
33%
第5回オールスターものまね王座決定戦 歌手、女優 森昌子
33%
第7回オールスターものまね王座決定戦 歌手、女優 石川さゆり
33%
第9回オールスターものまね王座決定戦 女優、タレント、歌手 石川さゆり
33%
第12回オールスターものまね王座決定戦 歌手、女優、タレント 小林幸子
33%
第14回オールスターものまね王座決定戦 歌手、タレント、女優、コメディエンヌ 研ナオコ
33%
第16回オールスターものまね王座決定戦 バンド ラッツ&スター
33%
第17回オールスターものまね王座決定戦 コミックバンド ビジーフォー
33%
第18回オールスターものまね王座決定戦 バンド ラッツ&スター
33%
第19回オールスターものまね王座決定戦 元歌手、元タレント、元コメディアン& タレント、ミュージシャン 田代まさし&桑野正義
33%
第3回爆笑!スターものまね王座決定戦 ものまねタレント 清水アキラ
33%
第4回爆笑!スターものまね王座決定戦 コミックバンド ビジーフォー
33%
第6回爆笑!スターものまね王座決定戦 歌手、タレント 松本明子
33%
第7回爆笑!スターものまね王座決定戦スペシャル 歌手、タレント 森口博子
33%
第22回オールスターものまね王座決定戦スペシャル 歌手、タレント 松本明子
33%
第8回爆笑!スターものまね王座決定戦 ものまねタレント 清水アキラ
33%
第23回オールスターものまね王座決定戦スペシャル ものまねタレント 栗田貫一
33%
第10回爆笑!スターものまね王座決定戦 コミックバンド ビジーフォー
33%
第11回爆笑!スターものまね王座決定戦スペシャル ものまねタレント 栗田貫一
33%
第12回爆笑!スターものまね王座決定戦 コミックバンド ビジーフォー
33%
第16回爆笑!スターものまね王座決定戦 ものまねタレント 清水アキラ
33%
第19回爆笑!スターものまね王座決定戦スペシャル コミックバンド ビジーフォー
33%
第20回爆笑!スターものまね王座決定戦スペシャル お笑いトリオ ダチョウ倶楽部
33%
第29回オールスターものまね王座決定戦スペシャル ものまねタレント 清水アキラ
33%
第22回爆笑!スターものまね王座決定戦チャンピオン大会 ものまねタレント 栗田貫一
33%
オールスターものまね王座決定戦グランドチャンピオン大会 ものまねタレント 清水アキラ
33%
第24回爆笑!スターものまね王座決定戦スペシャル お笑いトリオ ダチョウ倶楽部
33%
最強トーナメント2013ものまね王座決定戦新王者誕生スペシャル!! お笑いタレント 友近
33%
日本一のものまね王者が今夜決定!ものまね王座決定戦年に一度の超真剣トーナメントスペシャル シンガーソングライター 城南海
33%
日本一のものまね王者が今夜決定!ものまね王座決定戦年に一度の鉄板ネタガチンコバトルスペシャル お笑いタレント エハラマサヒロ
33%
日本一のものまね王者が今夜決定!ものまね王座決定戦年に一度の鉄板ネタガチンコバトルスペシャル ものまねタレント 君島遼
33%
日本一のものまね王者が今夜決定!ものまね王座決定戦年に一度の鉄板ネタガチンコバトルスペシャル お笑いコンビ ダブルネーム
33%
日本一のものまね王者が今夜決定!ものまね王座決定戦年に一度の鉄板ネタガチンコバトルスペシャル 歌手、ものまねタレント ななみなな
33%
日本一のものまね王者が今夜決定!ものまね王座決定戦年に一度の鉄板ネタガチンコバトルスペシャル お笑いコンビ ダブルネーム
33%
日本一のものまね王者が今夜決定!ものまね王座決定戦年に一度の鉄板ネタガチンコバトルスペシャル 歌手、ものまねタレント nanami
33%
第2回オールスターものまね王座決定戦 歌手、女優 藤圭子
0%
第3回オールスターものまね王座決定戦 歌手 五木ひろし
0%
第6回オールスターものまね王座決定戦 女優、タレント、歌手 浅野ゆう子
0%
第8回オールスターものまね王座決定戦 歌手、男優、タレント 西城秀樹
0%
第10回オールスターものまね王座決定戦 歌手 五木ひろし
0%
第11回オールスターものまね王座決定戦 歌手、タレント 角川博
0%
第13回オールスターものまね王座決定戦 歌手 野口五郎
0%
第15回オールスターものまね王座決定戦 ものまねタレント、歌手、女優、 松居直美
0%
第1回爆笑!スターものまね王座決定戦 漫才コンビ 大平サブロー・シロー
0%
第20回記念スペシャル!オールスターものまね王座決定戦 タレント、歌手 原田ゆかり
0%
第5回爆笑!スターものまね王座決定戦 作詞家、歌手、ものまねタレント 篠塚真由美
0%
第21回オールスターものまね王座決定戦スペシャル ものまねタレント、男優 岩本恭生
0%
第24回オールスターものまね王座決定戦スペシャル ものまねタレント 布施辰徳
0%
第13回爆笑!スターものまね王座決定戦スペシャル タレント 斉藤ルミ子
0%
第25回オールスターものまね王座決定戦スペシャル ものまねタレント 布施辰徳
0%
第15回爆笑!スターものまね王座決定戦スペシャル ものまね芸人 わたる哲兵
0%
第26回オールスターものまね王座決定戦スペシャル ものまねタレント 星奈々
0%
第17回爆笑!スターものまね王座決定戦スペシャル ものまねタレント、歌手、女優 松居直美
0%
第27回オールスターものまね王座決定戦スペシャル 女優、ものまねタレント 中島マリ
0%
第18回爆笑!スターものまね王座決定戦 ものまねタレント 市原利花
0%
第28回オールスターものまね王座決定戦スペシャル ものまねタレント 星奈々
0%
第21回爆笑!スターものまね王座決定戦スペシャル ものまねタレント 星奈々
0%
第23回爆笑!スターものまね王座決定戦スペシャル 双子タレント& 歌手 & 演歌歌手 工藤兄弟&松村和子&大石円
0%
第30回オールスターものまね王座決定戦スペシャル タレント、歌手& タレント、フリーアナウンサー 原田ゆかり&橋本志穂
0%
第31回オールスターものまね王座決定戦スペシャル 歌手、元アイドル 城之内早苗
0%
第32回オールスターものまね王座決定戦スペシャル ものまねタレント、歌手、女優 松居直美
0%
日本一のものまね王者が今夜決定!ものまね王座決定戦年に一度のガチンコバトルスペシャル ものまねタレント 布施辰徳
0%
第14回爆笑!スターものまね王座決定戦 アイドルグループ C.C.ガールズ
0%
第25回爆笑!スターものまね王座決定戦スペシャル お笑いコンビ すだちtoかぼす
0%
No matching quizzes found
Score Distribution
Percent of People with Each Score
Percentile by Number Answered
Your Score History
You have not taken this quiz